000 01602nam a2200241Ia 4500
999 _c55483
_d55483
001 22565
003 GE_BSU
005 20220920170455.0
008 181216s2008||||ge |||||||||||||| ||geo||
040 _cGE_BSU
041 _ageo
080 _a94(479.22) შ-97
100 _aშუშანიძე, ნონა
_911695
245 _aსამხრეთ - დასავლეთ საქართველოს კულტურული ურთიერთობები აღმოსავლეთის ქვეყნებიდან (ოსმალური მხატვრული კერამიკის მიხედვით XVI-XVIII სს.) : დისერტაცია /
_cნონა შუშანიძე; სამეცნიერო ხელმძღვანელი გ. ლორთქიფანიძე; ბსუ.
264 _aბათუმი,
_c2008.
300 _a137გვ. ;
_b30 სმ.
653 _aსამხრეთ-დასავლეთ საქართველოს კულტურული ურთიერთობები აღმოსავლეთის ქვეყნებიდან (ოსმალური მხატვრული კერამიკის მიხედვით XVI-XVIII სს)
653 _aფილოსოფია
653 _aდისერტაცია
653 _aისტორია
700 _aლორთქიფანიძე, გ.
_eსამეცნიერო ხელმძღვანელი
_91484
942 _cBK
_2udc